[Event "World Cup 2017"]
[Site "Tbilisi"]
[Date "2017.09.12"]
[Round "25.7"]
[White "Rodshtein Maxim (ISR)"]
[Black "Fedoseev Vladimir (RUS)"]
[Result "0-1"]
[BlackElo "2731"]
[WhiteElo "2695"]
[LiveChessVersion "1.4.8"]

1. d4 {[%clk 1:30:57]} Nf6 {[%clk 1:30:54]} 2. c4 {[%clk 1:31:21]} e6
{[%clk 1:31:18]} 3. g3 {[%clk 1:31:40]} d5 {[%clk 1:31:40]} 4. Bg2
{[%clk 1:32:03]} Bb4+ {[%clk 1:32:04]} 5. Nd2 {[%clk 1:31:57]} O-O
{[%clk 1:32:25]} 6. Ngf3 {[%clk 1:32:21]} b6 {[%clk 1:32:48]} 7. O-O
{[%clk 1:32:37]} Bb7 {[%clk 1:33:14]} 8. a3 {[%clk 1:30:06]} Be7 {[%clk 1:32:56]}
9. b4 {[%clk 1:30:23]} c5 {[%clk 1:22:20]} 10. bxc5 {[%clk 1:26:55]} bxc5
{[%clk 1:22:11]} 11. Rb1 {[%clk 1:26:41]} Qc8 {[%clk 1:21:44]} 12. Bb2
{[%clk 1:23:33]} Nbd7 {[%clk 1:15:48]} 13. dxc5 {[%clk 1:07:58]} Nxc5
{[%clk 1:14:11]} 14. Qc2 {[%clk 1:06:52]} Nfe4 {[%clk 0:59:42]} 15. Rfc1
{[%clk 0:53:44]} f6 {[%clk 0:56:51]} 16. cxd5 {[%clk 0:33:28]} Bxd5
{[%clk 0:57:02]} 17. Nd4 {[%clk 0:33:40]} f5 {[%clk 0:55:11]} 18. Nxe4
{[%clk 0:30:52]} fxe4 {[%clk 0:52:18]} 19. Qc3 {[%clk 0:26:24]} Rf7
{[%clk 0:51:34]} 20. Qe3 {[%clk 0:23:59]} Qd7 {[%clk 0:46:13]} 21. Ba1
{[%clk 0:10:31]} Raf8 {[%clk 0:44:22]} 22. f4 {[%clk 0:10:38]} e5
{[%clk 0:36:34]} 23. fxe5 {[%clk 0:10:13]} Qg4 {[%clk 0:36:53]} 24. Rf1
{[%clk 0:05:27]} h5 {[%clk 0:32:27]} 25. h3 {[%clk 0:04:48]} Qg6 {[%clk 0:29:22]}
26. Kh2 {[%clk 0:04:21]} h4 {[%clk 0:27:16]} 27. g4 {[%clk 0:02:41]} Bg5
{[%clk 0:27:05]} 28. Qc3 {[%clk 0:03:04]} Rxf1 {[%clk 0:17:23]} 29. Rxf1
{[%clk 0:03:26]} Rxf1 {[%clk 0:17:35]} 30. Bxf1 {[%clk 0:03:48]} Qf7
{[%clk 0:17:56]} 31. Nf5 {[%clk 0:03:33]} Ne6 {[%clk 0:18:09]} 32. Kg1
{[%clk 0:02:49]} g6 {[%clk 0:18:00]} 33. Nd6 {[%clk 0:01:08]} Qf4
{[%clk 0:18:17]} 34. Bg2 {[%clk 0:00:45]} Bd8 {[%clk 0:14:38]} 35. Nc4
{[%clk 0:00:32]} e3 {[%clk 0:13:59]} 36. Bxd5 {[%clk 0:00:34]} Qf2+
{[%clk 0:12:46]} 37. Kh1 {[%clk 0:01:00]} Qf1+ {[%clk 0:13:07]} 38. Kh2
{[%clk 0:01:27]} Bg5 {[%clk 0:13:27]} 39. Bxe6+ {[%clk 0:01:45]} Kg7
{[%clk 0:13:50]} 40. Qxe3 {[%clk 0:31:30]} Bxe3 {[%clk 0:44:11]} 41. Nxe3
{[%clk 0:31:56]} Qxa1 {[%clk 0:44:34]} 0-1